Normal view
MARC view
- Samuelson, Ralph .
Entry Personal Name
001 - CONTROL NUMBER
- control field: 1700
003 - CONTROL NUMBER IDENTIFIER
- control field: OSt
005 - DATE AND TIME OF LATEST TRANSACTION
- control field: 20161006145220.0
008 - FIXED-LENGTH DATA ELEMENTS
- fixed length control field: 161006|| aca||aabn | a|a d
040 ## - CATALOGING SOURCE
- Original cataloging agency: OSt
- Transcribing agency: OSt
100 ## - HEADING--PERSONAL NAME
- Personal name: Samuelson, Ralph .
670 ## - SOURCE DATA FOUND
- Source citation: Work cat.: (OSt)813: Fisher, William.J . 1698, American Literature of the Nineteenth Century an Anthology / , 1959.
